000 00297nam a2200121 a 4500
008 101026s1973|||| d
100 1 _aMináč, Vladimír
245 1 0 _aVýrobca šťastia
041 _aslo
044 _axo
_cSK
260 _bSlovenský spisovateľ
_aBratislava
_c1973
020 _c15
999 _c12268
_d12268